Tìm hiểu tình hình hoạt động sản xuất của khu công nghiệp Đồng Văn - huyện Duy Tiên, Tỉnh Hà Nam giai đoạn 2003- 2010 và tác động của nó tới môi trường địa phương.
Cơ sở lý luận chung. Tình hình hoạt động sản xuất của khu công nghiệp Đồng Văn - Huyện Duy Tiên, tỉnh Hà Nam giai đoạn 2003 - 2010. Giải pháp nhằm cải thiện môi trường tác động của hoạt động sản xuất khu công nghiệp Đồng Văn đến môi trường địa phương. Những giải pháp nhằm cải thiện môi trường địa ph...
Uloženo v:
| Hlavní autor: | |
|---|---|
| Další autoři: | |
| Médium: | Kniha |
| Vydáno: |
Đà Nẵng
Đại học Sư phạm, Đại học Đà Nẵng
2012
|
| Témata: | |
| Tagy: |
Přidat tag
Žádné tagy, Buďte první, kdo otaguje tento záznam!
|
| Thư viện lưu trữ: | Mạng thư viện Đại học Đà Nẵng |
|---|
| LEADER | 02110nam a2200337 4500 | ||
|---|---|---|---|
| 001 | 000017175 | ||
| 003 | 13587 | ||
| 005 | 20130315160307.0 | ||
| 008 | 130315s2012 sd | ||
| 082 | |a 338.8 |b VU-Y | ||
| 100 | 1 | |a Vũ Thị Yến | |
| 245 | |a Tìm hiểu tình hình hoạt động sản xuất của khu công nghiệp Đồng Văn - huyện Duy Tiên, Tỉnh Hà Nam giai đoạn 2003- 2010 và tác động của nó tới môi trường địa phương. |c Vũ Thị Yến ; Nguyễn Thanh Tưởng hướng dẫn |k Khóa luận tốt nghiệp | ||
| 260 | |a Đà Nẵng |b Đại học Sư phạm, Đại học Đà Nẵng |c 2012 | ||
| 300 | |a 63 tr. |b Bản đồ, bản mhọa. |c 29 cm. |e Đĩa CD | ||
| 500 | |a Khóa luận tốt nghiệp đại học. Chuyên ngành: Cử nhân khoa học Địa Lý | ||
| 504 | |a Mục lục đầu trang, tài liệu tham khảo tr. 73 - 74, phụ lục [13 tr.] | ||
| 520 | |a Cơ sở lý luận chung. Tình hình hoạt động sản xuất của khu công nghiệp Đồng Văn - Huyện Duy Tiên, tỉnh Hà Nam giai đoạn 2003 - 2010. Giải pháp nhằm cải thiện môi trường tác động của hoạt động sản xuất khu công nghiệp Đồng Văn đến môi trường địa phương. Những giải pháp nhằm cải thiện môi trường địa phương. | ||
| 600 | 1 | 4 | |b Vua |c Đinh Tiên Hoàng |
| 650 | 0 | 4 | |a Địa lý kinh tế - xã hội |a Khu công nghiệp |v Khóa luận tốt nghiệp |x Nghiên cứu |z Cao Bằng |
| 653 | |a Khu công nghiệp Đồng Văn |a Địa lý kinh tế - xã hội | ||
| 700 | |a Nguyễn Thanh Tưởng |e Hướng dẫn | ||
| OWN | |a LSP | ||
| AVA | |a UDN50 |b LSP |d 338.8 VU-Y |e available |t Error 5001 Not defined in file expand_doc_bib_avail. |f 1 |g 0 |h N |i 0 |k 1 | ||
| 999 | |a From the UDN01 | ||
| AVA | |a UDN50 |b LSP |d 338.8 VU-Y |e available |t Error 5001 Not defined in file expand_doc_bib_avail. |f 1 |g 0 |h N |i 0 |k 1 | ||
| TYP | |a Monograph | ||
| TYP | |a Printed language | ||
| 980 | |a Mạng thư viện Đại học Đà Nẵng | ||